哈佛医师养生法 (Record no. 31133)

000 -LEADER
fixed length control field 00504nam a22001937a 4500
003 - CONTROL NUMBER IDENTIFIER
control field MPLRDC
005 - DATE AND TIME OF LATEST TRANSACTION
control field 20220104142451.0
008 - FIXED-LENGTH DATA ELEMENTS--GENERAL INFORMATION
fixed length control field 210129b ||||| |||| 00| 0 eng d
020 ## - INTERNATIONAL STANDARD BOOK NUMBER
International Standard Book Number 978-957-803-742-7
082 ## - DEWEY DECIMAL CLASSIFICATION NUMBER
Classification number 411.3 XRY
100 ## - MAIN ENTRY--PERSONAL NAME
Personal name 许瑞云
245 ## - TITLE STATEMENT
Title 哈佛医师养生法
Statement of responsibility, etc.
250 ## - EDITION STATEMENT
Edition statement 初版18刷
260 ## - PUBLICATION, DISTRIBUTION, ETC.
Place of publication, distribution, etc. 台湾
Name of publisher, distributor, etc. 平安文化有限公司
Date of publication, distribution, etc. 2010
300 ## - PHYSICAL DESCRIPTION
Other physical details 189
490 ## - SERIES STATEMENT
Series statement 平安丛书: 第0336种: 真健康: 3
650 ## - SUBJECT ADDED ENTRY--TOPICAL TERM
Topical term or geographic name entry element 营养与食品
942 ## - ADDED ENTRY ELEMENTS (KOHA)
Koha item type Book
-- 411.3 XRY
Holdings
Withdrawn status Lost status Source of classification or shelving scheme Damaged status Not for loan Collection code Home library Current library Shelving location Date acquired Cost, normal purchase price Total Checkouts Full call number Barcode Date last seen Date last checked out Price effective from Koha item type Public note
            Malaysian Public Library, Research and Development Centre Malaysian Public Library, Research and Development Centre   10/12/2007 35.70   411.3 XRY 00031221 18/03/2021 21/09/2018 18/03/2021 Book mplrdc

© 2022. Malaysian Public Library, Research and Development Centre. All Right ReservedE-mailmplrdc@help.edu.my 

Powered by Koha